Talbot's Quantitative Chemical Anlysis

Bibliographic Details
Main Authors: Hamilton, Leicester F, Simpson, Stephen G.
Format: Section = Libro
Language:Undetermined
Spanish
Published: United States The Macmillan Company 1946
Subjects:
LEADER 00643nam a2200217Ia 4500
008 240830s9999 xx 000 0 und d
040 |a CEDOC FIQ-RUSB / 511 H217 
041 |a spa 
082 |a 511 H217 
100 1 |a Hamilton, Leicester F 
100 1 |b Simpson, Stephen G. 
245 1 0 |a Talbot's Quantitative Chemical Anlysis 
260 |a United States  |b The Macmillan Company  |c 1946 
300 |a 439 p.: il. 
650 7 |a ANÁLISIS NÚMERICO 
650 7 |b  CONSIDERACIÓN GENERAL 
650 7 |c  DIRECCIÓN GENERAL DE TRABAJOS DE LABORATORIO 
650 7 |d  OPERACIONES ANALÍTICAS COMUNES 
942 |c BK  |2 ddc 
991 |a TEXTO 
999 |c 13119